Регионална библиотека "Любен Каравелов" - Русе

Праисторическо изкуство в България (Запис номер 115106)

MARC детайли
000 -Лидер
Контролно поле с фиксирана дължина 02112nam a2200397 c 4500
003 - Код на организацията, давaща контролен номер
Контролно поле BLK
005 - Дата и час на последна редакция
Контролно поле 20180422110301.0
008 - Елементи от данни с фиксирана дължина
fixed length control field 180409b bul|||||r ||||||| ||bul||
010 ## - Наследен системен номер
LC control number KNG00120573000
040 ## - Източник на каталожния запис
Идентификатор на билиотеката - собственик на записа BLK
041 ## - Код за език
Код за езика на текст/звукозапис или на отделно заглавие Български
Код за езика КДБФ Български
080 ## - УДК
Текстов определител УДК Изобразителни изкуства и художествени занаяти
УДК код - определител по УДК 73/76
УДК определител (497.2)
УДК - код + определител 73/76(497.2)
080 ## - УДК
Текстов определител УДК Археология. Праисторически паметници - вж 903
УДК код - определител по УДК 902
УДК определител (497.2)
УДК - код + определител 902(497.2)
100 1# - Редна дума - Автор
Автор Тодорова, Хенриета
Авторска отговорност първи автор
Автор - информация (биография) Вайсова, Хенриета Тодорова
R(LIN) 376267
139 ## - Редно поле
Редна дума Тодорова, Хенриета и др.
Авторски знак Тодо - Т 64
245 10 - Сведения за заглавието
Заглавие Праисторическо изкуство в България
Подзаглавни данни Изследване
Редно поле (дума) Хенриета Тодорова; съавт. Мая Владимирова Аврамова; * Хенриета Тодорова Вайсова.
257 ## - Страна на издаване
Страна на създаване/издаване България
260 ## - Област на издателските данни
-- София
Име на издателя, разпространителя и проч. Бълг. художник
Година на издаване 1982
Печатница София : ДП Г. Димитров
300 ## - Физическа характеристика
Страници 80 с.
Илюстрации и др. с ил.
Размери/Мащаб 20 см
380 ## - Жанр
Жанр Изкуство
490 1# - СЕРИИ (Колекции)
Име на серия Паметници на културата
500 ## - Общи забележки
Забележка Пълното име на първата авт. е Хенриета Тодорова Вайсова. - Рез. на англ., нем. ез. - 2 120 тир. - Библиогр. с. 66.
650 #4 - Допълнително описание по предмет – тема
Основно описание – тема или топоним Изобразително изкуство, праисторическо
9 (RLIN) 313910
650 #4 - Допълнително описание по предмет – тема
Основно описание – тема или топоним България - старини
9 (RLIN) 262139
651 #4 - Допълнително описание по предмет - топоним
Географско понятие България
9 (RLIN) 241624
653 ## - Ключова дума – ненормативна
Ключова дума изобразително изкуство
653 ## - Ключова дума – ненормативна
Ключова дума праисторическо изкуство
653 ## - Ключова дума – ненормативна
Ключова дума паметници на културата
700 1# - Други автори (авторска отговорност)
Лично име Аврамова, Мая Владимирова
Автороска отговорност (Описва отношението между автора и произведението) съавт.
9 (RLIN) 365229
700 1# - Други автори (авторска отговорност)
Лично име Вайсова, Хенриета Тодорова
Автороска отговорност (Описва отношението между автора и произведението) *
9 (RLIN) 313909
852 ## - Местоположение
Форматна сигнатура Цб 112682
856 4# - Електронен адрес и достъп
Електронен формат pdf - файл
Път до файла /url/
856 4# - Електронен адрес и достъп
Електронен формат pdf - файл
Път до файла /url/
942 ## - АРТИКУЛИ
Вид на библиотечния материал Книги
Скрит в OPAC Не
944 ## - СЪЗДАВАНЕ И РЕДАКЦИЯ на ЗАПИСА
Създаване/Редакция Създаване
Дата на регистрацията/редакция 29.12.2010
Статус, дата на статуса ф / 28.12.2010
Служител, извършил регистрацията/редакцията Наталия_Любомирова
944 ## - СЪЗДАВАНЕ И РЕДАКЦИЯ на ЗАПИСА
Създаване/Редакция Редакция
Дата на регистрацията/редакция 11.04.2017
Статус, дата на статуса ф / 28.12.2010
Служител, извършил регистрацията/редакцията Людмила_Стоянова
999 ## - СИСТЕМНИ КОНТРОЛНИ НОМЕРА
Koha biblionumber 115106
Koha biblioitemnumber 115106
Наличности
Код за отписване Код за изгубен артикул Източник на класификационната схема Код за повреда Коз за рестрикции Код за отдаване Артикулен № Име на библиотеката - собственик Име на библиотеката, в която се намира в момента Статус (Текущо местоположение) Дата на вписване в системата Местоположение - отдел Цена в лева Инвентарен номер Систематично азбучна сигнатура Баркод Номер на екземпляра Цена в евро Служебна бележка Служебен тип на артикула
  Не е изгубен Universal Decimal Classification Не е повреден без рестрикции заемане за дома 184770 Регионална библиотека "Любен Каравелов" Русе Регионална библиотека "Любен Каравелов" Русе Отдел Изкуство - подръчен фонд 1982-01-01 Отдел Изкуство - подръчен фонд 2.00 347976 73/76(497.2)/Т 64 120000347976 1 1.02 Дост: Pk Вид: Ф N: стар фонд Дата: 01.01.1982 Дата инв: 07.06.2012 Бележки инв: * Книги
  Не е изгубен Universal Decimal Classification Не е повреден само за читалня ползва се в читалня 184771 Регионална библиотека "Любен Каравелов" Русе Регионална библиотека "Любен Каравелов" Русе Хранилище 1982-01-01 Хранилище 2.00 343909 Цб 298523 120000343909 2 1.02 Дост: Dp Вид: Д N: стар фонд Дата: 01.01.1982 Книги
Изтеглен Не е изгубен Universal Decimal Classification Не е повреден без рестрикции заемане за дома 184772 Регионална библиотека "Любен Каравелов" Русе Регионална библиотека "Любен Каравелов" Русе Отдел Изкуство - подръчен фонд 1982-01-01 Отдел Изкуство - подръчен фонд 2.00 347974 73/76(497.2)/Т 64 347974 3 1.02 Дост: Pk Вид: Ф N: стар фонд Дата: 01.01.1982 Книги
Изтеглен Не е изгубен Universal Decimal Classification Не е повреден без рестрикции заемане за дома 184773 Регионална библиотека "Любен Каравелов" Русе Регионална библиотека "Любен Каравелов" Русе Отдел Изкуство - подръчен фонд 1982-01-01 Отдел Изкуство - подръчен фонд 2.00 347975 73/76(497.2)/Т 64 347975 4 1.02 Дост: Pk Вид: Ф N: стар фонд Дата: 01.01.1982 Книги
Изтеглен Не е изгубен Universal Decimal Classification Не е повреден без рестрикции заемане за дома 184774 Регионална библиотека "Любен Каравелов" Русе Регионална библиотека "Любен Каравелов" Русе Отдел Изкуство - подръчен фонд 2017-01-16 Отдел Изкуство - подръчен фонд 12.00 120000807769 73/76(497.2)/Т 64 120000807769 5 6.14 Дост: DA Вид: А N: 4 Дата: 16.01.2017 Книги
Vip Innovations Ltd, Rousse, Bulgaria 2025